| 000 | 00584nam a2200181 a 4500 | ||
|---|---|---|---|
| 001 | 15159 | ||
| 003 | CO-ViMGA | ||
| 008 | 141112s2004 ck r 000 u spa d | ||
| 040 |
_aCO-ViMGA _bspa _cCO-ViMGA |
||
| 082 | 0 | 4 | _aCo860.4 P371co |
| 100 | 1 |
_aPeralta, Andres _921994 |
|
| 245 | 1 | 0 |
_aAnálisis literario de . : _bEl Coronel no tiene quien le escriba ;Gabrial Garcia Marquez |
| 260 |
_aBogotá, _cEsquilo |
||
| 300 | _a61.p. | ||
| 650 | 1 | 4 |
_aANALISIS LITERARIO - EL CORONEL NO TIENE QUIEN LE ESCRIBA _921995 |
| 650 | 1 | 4 |
_aGARCIA MARQUEZ, GABRIEL - BIOGRAFIA _921996 |
| 942 |
_2ddc _cBK |
||
| 999 |
_c25535 _d25535 |
||